Democracy, accountability and representation. Parte One: Elections, Accountability, and Representation /

Gespeichert in:
Bibliographische Detailangaben
1. Verfasser: Przeworski, Adam
Weitere Verfasser: ed. Stokes, Susan C ed. Manin, Bernard ed
Format: Text
Veröffentlicht: Cambridge: Cambridge University Press
Tags: Tag hinzufügen
Keine Tags, Fügen Sie den ersten Tag hinzu!

MARC

LEADER 00000 a a2200000 04500
001 28780
003
040
020 |a 0 521 64616 2  
090 |a 189608  
100 |a Przeworski, Adam  
245 |a Democracy, accountability and representation. Parte One: Elections, Accountability, and Representation /  |c Adam Przeworski  
260 |a Cambridge:   |b Cambridge University Press  
300 |a 351 p  
500 |a Al final de la obra se encuentra un índice de autores y otro temático  
700 |a ed.   |a Stokes, Susan C   |a ed.   |a Manin, Bernard   |a ed.  
999 |c 10582  |d 10582